Electoral States Won by Carter (1976) Quiz Stats

 Plays Quiz not verified by Sporcle

Score 0/24 Timer 03:00
0 Plays Today
% Correct
Georgia (12)
95.6%
Alabama (9)
91.3%
Mississippi (7)
90.7%
North Carolina (13)
90.6%
South Carolina (8)
90.4%
Tennessee (10)
90.2%
Louisiana (10)
89.6%
Florida (17)
89.4%
New York (41)
89%
Arkansas (6)
87.7%
Kentucky (9)
86%
Pennsylvania (27)
85.6%
% Correct
Texas (26)
85.3%
West Virginia (6)
82.6%
Ohio (25)
81.3%
Massachusetts (14)
78.8%
Missouri (12)
76.2%
Minnesota (10)
73.2%
Maryland (10)
72.9%
Rhode Island (4)
68.7%
Wisconsin (11)
67.4%
Hawaii (4)
62.4%
Washington, D.C. (3)
59.2%
Delaware (3)
58.4%

You're not logged in!

Compare scores with friends on all Sporcle quizzes.
Join for Free
OR
Log In

You Might Also Like...

Show Comments

Extras

Top Quizzes Today


Score Distribution

Your Account Isn't Verified!

In order to create a playlist on Sporcle, you need to verify the email address you used during registration. Go to your Sporcle Settings to finish the process.

Report this User

Report this user for behavior that violates our Community Guidelines.

Details: